| 000 | 00525nam a2200181Ia 4500 | ||
|---|---|---|---|
| 005 | 20250508155720.0 | ||
| 008 | 008 250505s9999 xx 000 0 eng d | ||
| 037 | _aReference | ||
| 040 |
_aFEDL _beng _cFEDL |
||
| 041 |
_aeng _2eng |
||
| 084 |
_a658.03, SHR _qFEDL |
||
| 100 |
_aShrivastava Gopinath _9767337 |
||
| 245 | 0 | _aDictionary of official terms (English-Hindi) | |
| 260 |
_aDelhi, India _bSamayik Prakashan _c1968 |
||
| 300 | _aviii,299p. | ||
| 942 |
_cREF _h658.03, SHR |
||
| 999 |
_c1358925 _d1358925 |
||